Ants

Bibliographic Details
Main Author: O`Toole, Christopher
Format: Book
Published: England : Wayland , 1986
Series:Discovering nature
Subjects:

MARC

LEADER 00000cam a2200000 7i4500
001 0000002049
002 000002236
005 20080319.0
020 |a 0850787378 
090 0 0 |a 595.796   |b OTO 
100 1 |a O`Toole, Christopher 
245 1 0 |a Ants   |c Christopher O'Toole 
260 |a England :   |b Wayland ,   |c 1986 
300 |a 46p. :   |b ill ;   |c 21cm. 
490 0 |a Discovering nature 
650 0 0 |a Ants   |x Juvenile Literature 
999 |a 033663   |b BUKU   |c JUNIOR BOOKS   |e PERPUSTAKAAN KOMUNITI CAW KOTA DAMANSARA